[Event "7. Lichtenberger Sommer"]
[Site "Berlin"]
[Date "2008.08.23"]
[Round "8.1"]
[White "Meister, Jakob"]
[Black "Kalinitschew, Sergey"]
[Result "1/2-1/2"]
[WhiteElo "2487"]
[BlackElo "2456"]
[PlyCount "20"]
[EventDate "2008.??.??"]
[WhiteTeam "SK Zehlendorf e.V."]
[BlackTeam "SC Kreuzberg e.V."]

1. e4 c5 2. c3 e6 3. d4 d5 4. exd5 exd5 5. Nf3 Nc6 6. Be3 cxd4 7. Nxd4 Nf6 8.
Be2 Bd6 9. Nd2 O-O 10. O-O Re8 1/2-1/2

[Event "7. Lichtenberger Sommer"]
[Site "Berlin"]
[Date "2008.08.23"]
[Round "8.2"]
[White "Richter, Michael"]
[Black "Krämer, Martin"]
[Result "0-1"]
[WhiteElo "2422"]
[BlackElo "2456"]
[PlyCount "80"]
[EventDate "2008.??.??"]
[WhiteTeam "SC Kreuzberg e.V."]
[BlackTeam "Sfrd. Berlin 1903 e.V."]

1. d4 Nf6 2. c4 e6 3. Nc3 Bb4 4. Qc2 c5 5. dxc5 O-O 6. a3 Bxc5 7. Nf3 b6 8. Bf4
Bb7 9. Rd1 Nh5 10. Bc1 Be7 11. e4 a6 12. Bd3 Qc7 13. O-O d6 14. Ng5 h6 15. Nh3
Nd7 16. f4 Nhf6 17. f5 Ne5 18. fxe6 fxe6 19. Nf4 Bc8 20. Kh1 Bd7 21. Qe2 g5 22.
Nh3 Nfg4 23. Rf3 Nxd3 24. Rfxd3 Ne5 25. Rd4 Rf7 26. Be3 Rc8 27. Bf2 Nxc4 28.
Bg3 Nxb2 29. Qxb2 Qxc3 30. Qxc3 Rxc3 31. Bxd6 Bf6 32. e5 Bg7 33. Bb4 Rc7 34.
Rd6 a5 35. Bd2 Bxe5 36. Rxb6 Rc2 37. Ng1 Bc6 38. Rxc6 Rxc6 39. Bxa5 g4 40. h3
h5 0-1

[Event "7. Lichtenberger Sommer"]
[Site "Berlin"]
[Date "2008.08.23"]
[Round "8.3"]
[White "Muse, Drazen"]
[Black "Rabiega, Robert"]
[Result "1/2-1/2"]
[WhiteElo "2369"]
[BlackElo "2552"]
[PlyCount "32"]
[EventDate "2008.??.??"]
[WhiteTeam "SK König Tegel 1949 e.V."]
[BlackTeam "SK König Tegel 1949 e.V."]

1. d4 d5 2. Nf3 Nf6 3. c4 dxc4 4. e3 Bg4 5. Bxc4 e6 6. h3 Bh5 7. O-O a6 8. Be2
Nc6 9. b3 Bd6 10. Bb2 O-O 11. Nbd2 Qe7 12. Ne5 Bxe2 13. Nxc6 Bxd1 14. Nxe7+
Bxe7 15. Rfxd1 Rfd8 16. Rac1 c6 1/2-1/2

[Event "7. Lichtenberger Sommer"]
[Site "Berlin"]
[Date "2008.08.23"]
[Round "8.4"]
[White "Plump, Detlef"]
[Black "Thinius, Marco"]
[Result "0-1"]
[WhiteElo "2263"]
[BlackElo "2387"]
[PlyCount "92"]
[EventDate "2008.??.??"]
[WhiteTeam "Chessclub York"]
[BlackTeam "Sfrd. Berlin 1903 e.V."]

1. e4 c6 2. d4 d5 3. Nc3 dxe4 4. Nxe4 Bf5 5. Ng3 Bg6 6. Nf3 Nd7 7. h4 h6 8. h5
Bh7 9. Bd3 Bxd3 10. Qxd3 e6 11. Bf4 Qa5+ 12. Bd2 Bb4 13. c3 Be7 14. c4 Qc7 15.
O-O-O Ngf6 16. Kb1 O-O 17. Ne4 Rad8 18. Qe2 c5 19. Nxc5 Nxc5 20. dxc5 Qxc5 21.
Ne5 Rd4 22. f4 Rfd8 23. a3 a5 24. Bc3 Rxd1+ 25. Rxd1 Rxd1+ 26. Qxd1 Qf2 27.
Bxa5 Qxf4 28. Bd8 Qe4+ 29. Ka1 Bc5 30. Bxf6 gxf6 31. Qg4+ Qxg4 32. Nxg4 f5 33.
Ne5 Bd6 34. Nf3 Kg7 35. b4 Kf6 36. Kb2 e5 37. c5 Bb8 38. Kc3 e4 39. Nd4 f4 40.
b5 Be5 41. Kc4 Bxd4 42. Kxd4 e3 43. Kd3 Ke5 44. a4 Kd5 45. g4 fxg3 46. Kxe3 f5
0-1

[Event "7. Lichtenberger Sommer"]
[Site "Berlin"]
[Date "2008.08.23"]
[Round "8.5"]
[White "Von Herman, Ulf"]
[Black "Oswald, Michael"]
[Result "1-0"]
[WhiteElo "2374"]
[BlackElo "2123"]
[PlyCount "61"]
[EventDate "2008.??.??"]
[WhiteTeam "SK König Tegel 1949 e.V."]
[BlackTeam "1. Schachclub Anhalt"]

1. Nf3 d5 2. c4 e6 3. g3 c6 4. Bg2 Nf6 5. b3 Nbd7 6. O-O Bd6 7. Nc3 e5 8. cxd5
cxd5 9. Nh4 Nb6 10. a4 Be6 11. Nb5 Be7 12. d4 a6 13. Nc3 e4 14. f4 Rc8 15. Bd2
Ng4 16. f5 Bd7 17. a5 Bf6 18. e3 Nxe3 19. Bxe3 Rxc3 20. Qe1 Rxb3 21. axb6 Qxb6
22. Kh1 O-O 23. Rb1 Rc8 24. Rxb3 Qxb3 25. Bh3 Bxh4 26. gxh4 Rc3 27. Qg3 f6 28.
Rg1 g6 29. fxg6 h6 30. Bxd7 Kg7 31. Qd6 1-0

[Event "7. Lichtenberger Sommer"]
[Site "Berlin"]
[Date "2008.08.23"]
[Round "8.6"]
[White "Figura, Atila Gajo"]
[Black "Amelang, Thomas"]
[Result "1-0"]
[WhiteElo "2407"]
[BlackElo "2176"]
[PlyCount "69"]
[EventDate "2008.??.??"]
[WhiteTeam "SC Kreuzberg e.V."]
[BlackTeam "SK Siemens München"]

1. d4 c5 2. d5 Nf6 3. c4 b5 4. cxb5 a6 5. bxa6 Bxa6 6. Nc3 d6 7. e4 Bxf1 8.
Kxf1 g6 9. Nge2 Bg7 10. h3 O-O 11. Kg1 Qb6 12. Kh2 Na6 13. Rb1 Nc7 14. a4 Rfb8
15. b3 Nd7 16. Be3 Qa6 17. Qc2 Rc8 18. Rhd1 Rab8 19. f4 Ne8 20. Nb5 Ra8 21.
Nec3 Qb7 22. Bf2 Nb8 23. Na3 Na6 24. Nc4 Nb4 25. Qd2 Rd8 26. Bh4 Nf6 27. Re1
Re8 28. Nb5 Qb8 29. Qe2 Nd7 30. Rbd1 Bf6 31. Bg3 Nb6 32. e5 N6xd5 33. exf6 Nxf6
34. Qf3 Nh5 35. Ncxd6 1-0

[Event "7. Lichtenberger Sommer"]
[Site "Berlin"]
[Date "2008.08.23"]
[Round "8.7"]
[White "Novkovic, Julia"]
[Black "Kiesekamp, Marcos"]
[Result "1/2-1/2"]
[WhiteElo "2128"]
[BlackElo "2316"]
[PlyCount "33"]
[EventDate "2008.??.??"]
[WhiteTeam "Dornbirn"]
[BlackTeam "TuS Makkabi Berlin e.V."]

1. e4 c5 2. Nf3 Nc6 3. d4 cxd4 4. Nxd4 g6 5. Nc3 Bg7 6. Be3 Nf6 7. Bc4 O-O 8.
O-O d6 9. h3 Bd7 10. Re1 Rc8 11. Nxc6 bxc6 12. Qd2 Re8 13. Bg5 Qa5 14. e5 Nd5
15. Nxd5 Qxd2 16. Nxe7+ Rxe7 17. Bxd2 1/2-1/2

[Event "7. Lichtenberger Sommer"]
[Site "Berlin"]
[Date "2008.08.23"]
[Round "8.8"]
[White "Wendt, Jan-Dietrich"]
[Black "Kapp, Martin"]
[Result "1-0"]
[WhiteElo "2372"]
[BlackElo "2072"]
[PlyCount "119"]
[EventDate "2008.??.??"]
[WhiteTeam "Sfrd. Berlin 1903 e.V."]
[BlackTeam "TSV IFA Chemnitz"]

1. Nf3 d5 2. c4 d4 3. g3 c5 4. b4 cxb4 5. a3 bxa3 6. Bg2 Nc6 7. Bxa3 e6 8. Bxf8
Kxf8 9. d3 Nge7 10. Nbd2 Rb8 11. O-O h6 12. Qa4 Kg8 13. Qa3 Kh7 14. e3 e5 15.
exd4 exd4 16. Rfb1 Qc7 17. Rb5 Rd8 18. Rab1 b6 19. Qb2 Bf5 20. Ne1 Bg6 21. h4
Ne5 22. Qa3 f6 23. c5 N7c6 24. h5 Be8 25. cxb6 Rxb6 26. Be4+ Kg8 27. Rxb6 axb6
28. Qb3+ Bf7 29. Qxb6 Qxb6 30. Rxb6 Bd5 31. f4 Bxe4 32. dxe4 Rb8 33. Rxb8+ Nxb8
34. fxe5 fxe5 35. Nd3 Nd7 36. Kg2 Kf7 37. Kf3 Ke6 38. Nb3 Kd6 39. Na5 Ke6 40.
Nb7 Nf6 41. g4 Nh7 42. Nd8+ Kf6 43. Nf2 Ke7 44. Nc6+ Kd6 45. Nb4 Ng5+ 46. Ke2
Kc5 47. Nbd3+ Kd6 48. Kd2 Nf3+ 49. Kc2 Ng5 50. Kb3 Nf3 51. Kc4 Nd2+ 52. Kb5 Nb3
53. Kb6 Nd2 54. Kb7 Nxe4 55. Nxe4+ Kd5 56. Ndf2 d3 57. Kc7 Kd4 58. Kd6 Ke3 59.
Kxe5 d2 60. Nd1+ 1-0

[Event "7. Lichtenberger Sommer"]
[Site "Berlin"]
[Date "2008.08.23"]
[Round "8.9"]
[White "Zschäbitz, Klaus"]
[Black "Petersen, Soren Boeck"]
[Result "0-1"]
[WhiteElo "2103"]
[BlackElo "2242"]
[PlyCount "118"]
[EventDate "2008.??.??"]
[WhiteTeam "BSG 1827 Eckbauer e.V."]
[BlackTeam "Vanlose Skakklub"]

1. d4 d5 2. Nf3 Nf6 3. e3 g6 4. c4 Bg7 5. Nc3 O-O 6. Be2 b6 7. O-O Bb7 8. Bd2
Nbd7 9. Rc1 c5 10. cxd5 Nxd5 11. Bc4 Nxc3 12. bxc3 Rc8 13. Qe2 Nf6 14. Rfd1 Qc7
15. Ba6 Ne4 16. Bxb7 Qxb7 17. a4 Rfd8 18. Be1 Rc7 19. Rb1 Rdc8 20. a5 Nd6 21.
h4 b5 22. h5 Nc4 23. hxg6 hxg6 24. e4 cxd4 25. cxd4 a6 26. Bb4 Rd7 27. Rd3 Rcd8
28. Rbd1 Qc7 29. e5 e6 30. Ng5 Nxe5 31. Nxe6 fxe6 32. dxe5 Rxd3 33. Rxd3 Rxd3
34. Qxd3 Qc1+ 35. Qf1 Qxf1+ 36. Kxf1 Bxe5 37. Ke2 Kf7 38. Kd3 Ke8 39. Ke4 Bc7
40. f3 Kd7 41. Kd4 Bd6 42. Be1 Kc6 43. Bd2 e5+ 44. Kc3 Kd5 45. Be1 Bc5 46. Kb3
e4 47. fxe4+ Kxe4 48. Bh4 Kd3 49. Bd8 Be3 50. Kb4 Bd2+ 51. Kb3 g5 52. g4 Ke4
53. Kc2 Bf4 54. Be7 Kf3 55. Kc3 Kxg4 56. Kd4 Kf3 57. Kc5 Be3+ 58. Kc6 g4 59.
Kb7 g3 0-1

[Event "7. Lichtenberger Sommer"]
[Site "Berlin"]
[Date "2008.08.23"]
[Round "8.10"]
[White "Dimitrijeski, Kristian"]
[Black "Struk, Jerzy"]
[Result "1/2-1/2"]
[WhiteElo "2167"]
[BlackElo "2164"]
[PlyCount "51"]
[EventDate "2008.??.??"]
[WhiteTeam "Sfrd. Berlin 1903 e.V."]
[BlackTeam "K. S. Pocztowiec Poznan"]

1. d4 Nf6 2. c4 e6 3. Nf3 d5 4. Nc3 Be7 5. Bg5 Nbd7 6. cxd5 Nxd5 7. Bxe7 Qxe7
8. e4 Nxc3 9. bxc3 O-O 10. Bd3 b6 11. O-O Bb7 12. c4 Rfd8 13. Qc2 e5 14. d5 Nc5
15. Nd2 Nd7 16. Nb3 c5 17. a4 a5 18. Nd2 Nf8 19. Rab1 Rd6 20. Rb3 Bc8 21. Rfb1
Ra6 22. Nf1 Ng6 23. Ng3 Nf4 24. Ne2 Ng6 25. Ng3 Nf4 26. Ne2 1/2-1/2

[Event "7. Lichtenberger Sommer"]
[Site "Berlin"]
[Date "2008.08.23"]
[Round "8.11"]
[White "Niehaus, Frank"]
[Black "Gschwendtner, Klaus"]
[Result "1/2-1/2"]
[WhiteElo "2185"]
[BlackElo "2078"]
[PlyCount "108"]
[EventDate "2008.??.??"]
[WhiteTeam "Sfrd. Berlin 1903 e.V."]
[BlackTeam "SC Starnberg"]

1. e4 e5 2. Nf3 Nc6 3. Bb5 a6 4. Ba4 Nf6 5. O-O d6 6. Bxc6+ bxc6 7. d4 exd4 8.
Qxd4 c5 9. Qd3 Nd7 10. Re1 Be7 11. e5 O-O 12. exd6 Bxd6 13. Bg5 Nf6 14. Nc3 Bb7
15. Rad1 h6 16. Bh4 g5 17. Bg3 Bxg3 18. hxg3 Qxd3 19. Rxd3 Rfe8 20. Rde3 Rxe3
21. Rxe3 Kf8 22. Kf1 Rd8 23. Re5 Nd7 24. Re1 Nf6 25. Ne5 Rd2 26. Re2 Rd4 27. f3
a5 28. Ke1 Nh5 29. Rd2 Ke7 30. Ne2 Rd6 31. Nc4 Re6 32. Nxa5 Ba6 33. Kf2 Bxe2
34. Rxe2 Rxe2+ 35. Kxe2 Nxg3+ 36. Kf2 Nf5 37. Nc4 Ke6 38. a4 h5 39. g4 hxg4 40.
fxg4 Ne7 41. Ne3 Nc6 42. Kf3 Ke5 43. c3 Na5 44. b4 cxb4 45. cxb4 Nc6 46. b5 Na5
47. Ke2 Kd4 48. Nf5+ Kc4 49. Nh6 f6 50. Ng8 Kb4 51. Nxf6 Kxa4 52. Nd5 Kxb5 53.
Nxc7+ Kc6 54. Ne6 Nc4 1/2-1/2

[Event "7. Lichtenberger Sommer"]
[Site "Berlin"]
[Date "2008.08.23"]
[Round "8.12"]
[White "Meißner, Hans-Jürgen"]
[Black "Wasem, Ralph"]
[Result "1/2-1/2"]
[WhiteElo "2212"]
[BlackElo "2100"]
[PlyCount "76"]
[EventDate "2008.??.??"]
[WhiteTeam "SV Empor Berlin e.V."]
[BlackTeam "SK Landau"]

1. d4 d5 2. Nf3 g6 3. c4 c6 4. Nc3 Nf6 5. e3 Bg7 6. Be2 O-O 7. O-O dxc4 8. Bxc4
b5 9. Be2 Bb7 10. Ne5 Qb6 11. a4 b4 12. a5 Qc7 13. Na4 Nfd7 14. Nd3 Na6 15. Bd2
c5 16. Naxc5 Naxc5 17. Nxc5 Nxc5 18. Rc1 Qxa5 19. Rxc5 Qb6 20. Qb3 a5 21. Rfc1
Rac8 22. Rxc8 Rxc8 23. Rxc8+ Bxc8 24. Bc4 e6 25. Qa4 Qc7 26. Qe8+ Bf8 27. b3
Bd7 28. Qa8 Bc6 29. Qa6 Bd6 30. h3 Bb7 31. Qb5 Qc6 32. f3 Bc7 33. Kf1 Qxb5 34.
Bxb5 e5 35. dxe5 Bd5 36. Ba4 Bxe5 37. e4 Bb7 38. Be3 Bc7 1/2-1/2

[Event "7. Lichtenberger Sommer"]
[Site "Berlin"]
[Date "2008.08.23"]
[Round "8.13"]
[White "Rietze, Clemens"]
[Black "Werner, Michael"]
[Result "1-0"]
[WhiteElo "2128"]
[BlackElo "2106"]
[PlyCount "53"]
[EventDate "2008.??.??"]
[WhiteTeam "ESV Lok Falkenberg e.V."]
[BlackTeam "Schachgesellschaft Benrath 1924"]

1. d4 Nf6 2. c4 g6 3. Nc3 Bg7 4. e4 O-O 5. Nf3 d6 6. Be2 e5 7. O-O Nc6 8. d5
Ne7 9. b4 Nh5 10. Re1 Nf4 11. Bf1 f5 12. Nd2 Kh8 13. g3 Nh5 14. exf5 Nxf5 15.
g4 Nd4 16. gxh5 Qh4 17. f3 Bh6 18. Bg2 Bh3 19. Re4 Qxh5 20. Rxd4 exd4 21. Nce4
Be3+ 22. Kh1 Bxg2+ 23. Kxg2 Rae8 24. Bb2 Qh4 25. Qe2 Rf4 26. Qxe3 Rexe4 27.
Nxe4 1-0

[Event "7. Lichtenberger Sommer"]
[Site "Berlin"]
[Date "2008.08.23"]
[Round "8.16"]
[White "Reichenbach, Werner"]
[Black "Schulz, Hartmut"]
[Result "1/2-1/2"]
[WhiteElo "2305"]
[BlackElo "2149"]
[PlyCount "126"]
[EventDate "2008.??.??"]
[WhiteTeam "Schachclub Schwante"]
[BlackTeam "SC Rotation Pankow e.V."]

1. e4 c6 2. d4 d5 3. f3 Nf6 4. e5 Nfd7 5. f4 e6 6. Nf3 c5 7. c3 Nc6 8. Be2 Qb6
9. O-O Be7 10. Kh1 O-O 11. Na3 cxd4 12. cxd4 f5 13. Nc2 Rd8 14. h3 Nf8 15. g4
g6 16. Rg1 Bd7 17. Ne3 Kh8 18. Rg2 Be8 19. Nc2 Nb4 20. Nxb4 Qxb4 21. Bd3 Rdc8
22. Be3 Bb5 23. Bxb5 Qxb5 24. Rc2 Rc6 25. Rxc6 bxc6 26. Qc2 Rb8 27. b3 Rb6 28.
Rb1 a5 29. a4 Qa6 30. Kg2 Kg7 31. Kf2 Kf7 32. Kg2 Kg7 33. Ne1 Kf7 34. Nd3 Nd7
35. Kf3 Rb7 36. Bd2 Qb6 37. Be3 Nb8 38. Qf2 Na6 39. Qc2 Nb4 40. Nxb4 Bxb4 41.
gxf5 exf5 42. Bf2 Be7 43. h4 h5 44. Kg2 Rb8 45. Qc3 Bb4 46. Qe3 Re8 47. Rc1 Re6
48. Rc2 Qb7 49. Kh2 Ke8 50. Qg3 Be7 51. Be1 Qb6 52. Qe3 Kf7 53. Kg2 Ke8 54. Bf2
Kf7 55. Qg3 Ke8 56. Kf1 Kf7 57. Ke2 Ke8 58. Kd1 Kf7 59. Kc1 Ba3+ 60. Kb1 Be7
61. Ka2 Qb4 62. Kb1 Qb6 63. Be1 Kg7 1/2-1/2

[Event "7. Lichtenberger Sommer"]
[Site "Berlin"]
[Date "2008.08.23"]
[Round "8.17"]
[White "Brüdigam, Martin"]
[Black "Buehler, Florian"]
[Result "1-0"]
[WhiteElo "2218"]
[BlackElo "1992"]
[PlyCount "85"]
[EventDate "2008.??.??"]
[WhiteTeam "USV Potsdam e.V., Abt. Schach"]
[BlackTeam "Spgem Kötz/Ichenhausen"]

1. e4 g6 2. d4 Bg7 3. g3 d5 4. e5 c5 5. Bg2 e6 6. c3 Nc6 7. Ne2 h5 8. Na3 a6 9.
f4 cxd4 10. Nxd4 h4 11. Be3 hxg3 12. hxg3 Rxh1+ 13. Bxh1 Nxd4 14. Bxd4 Ne7 15.
Nc2 Nc6 16. Bf2 Bf8 17. Qd2 Qc7 18. Bf3 b5 19. b4 Bb7 20. Be2 Rc8 21. a3 Nb8
22. Bd4 Nc6 23. Rc1 Nxd4 24. Nxd4 Bc6 25. Qe3 Qb6 26. Kd2 Bd7 27. Nb3 Qxe3+ 28.
Kxe3 Kd8 29. Kd4 Rc6 30. Rh1 Rc7 31. Rh8 Ke7 32. Bd3 Rc8 33. Nc5 Ra8 34. Bxg6
Be8 35. Bd3 a5 36. g4 axb4 37. axb4 Bc6 38. f5 exf5 39. gxf5 Ra1 40. f6+ Ke8
41. Nb7 Ra8 42. Nd6+ Kd7 43. Nxf7 1-0

[Event "7. Lichtenberger Sommer"]
[Site "Berlin"]
[Date "2008.08.23"]
[Round "8.18"]
[White "Newrkla, Katharina"]
[Black "Rohde, Wolfgang"]
[Result "1-0"]
[WhiteElo "2049"]
[BlackElo "2198"]
[PlyCount "55"]
[EventDate "2008.??.??"]
[WhiteTeam "Austria  Wien"]
[BlackTeam "SC Friesen Lichtenberg e.V."]

1. e4 c5 2. Nf3 Nc6 3. d4 cxd4 4. Nxd4 g6 5. Nc3 Bg7 6. Be3 Nf6 7. Bc4 Qa5 8.
f3 Qb4 9. Nxc6 bxc6 10. Bb3 d5 11. O-O dxe4 12. Nxe4 Nxe4 13. fxe4 e6 14. c3
Qe7 15. Bf4 Ba6 16. Rf2 Rd8 17. Qg4 h6 18. Rd1 Rxd1+ 19. Qxd1 O-O 20. Bd6 Qb7
21. Bxf8 Bxf8 22. Rd2 Bc5+ 23. Kh1 Qe7 24. Rd8+ Kg7 25. Rd7 Qf6 26. Qf3 g5 27.
Rc7 Bd6 28. Qxf6+ 1-0

[Event "7. Lichtenberger Sommer"]
[Site "Berlin"]
[Date "2008.08.23"]
[Round "8.19"]
[White "Ozeran, Volodymyr"]
[Black "Gebigke, Martin"]
[Result "1/2-1/2"]
[WhiteElo "1967"]
[BlackElo "2151"]
[PlyCount "52"]
[EventDate "2008.??.??"]
[WhiteTeam "SK Dessau 93 e. V."]
[BlackTeam "SV Berolina Mitte e.V."]

1. c4 e5 2. Nc3 Nf6 3. Nf3 Nc6 4. g3 Bb4 5. Nd5 e4 6. Nxb4 Nxb4 7. Nd4 Qe7 8.
Bg2 Qc5 9. Qb3 Qxd4 10. Qxb4 d5 11. d3 exd3 12. Be3 Qxc4 13. Qxc4 dxc4 14. exd3
cxd3 15. Rc1 Kd8 16. Rc3 Bf5 17. Bxb7 Rb8 18. Rb3 Be4 19. Bxe4 Rxb3 20. axb3
Nxe4 21. f3 Nd6 22. Kd2 Nb5 23. Ra1 Kd7 24. Ra5 Rb8 25. Kxd3 Rb7 26. Ra4 Nd6
1/2-1/2

[Event "7. Lichtenberger Sommer"]
[Site "Berlin"]
[Date "2008.08.23"]
[Round "8.20"]
[White "Kollberg, Lothar"]
[Black "Kühnemund, Lutz"]
[Result "1-0"]
[WhiteElo "2253"]
[BlackElo "1920"]
[PlyCount "105"]
[EventDate "2008.??.??"]
[WhiteTeam "SC Rotation Pankow e.V."]
[BlackTeam "SC Friesen Lichtenberg e.V."]

1. g3 Nf6 2. Bg2 d5 3. Nf3 g6 4. O-O Bg7 5. d3 O-O 6. Nbd2 c5 7. e4 Nc6 8. Re1
b6 9. exd5 Nxd5 10. Nc4 Bb7 11. c3 Qc7 12. a4 Rad8 13. Qb3 Rd7 14. Bd2 h6 15.
Rad1 Rfd8 16. Bc1 e6 17. Qc2 Kh7 18. Qe2 a6 19. h4 h5 20. Ng5+ Kg8 21. Bh3 b5
22. axb5 axb5 23. Na3 Qe5 24. Qf3 Qf6 25. Nxb5 Ne5 26. Qxf6 Bxf6 27. d4 Bxg5
28. dxe5 Bxc1 29. Rxc1 Ba6 30. Nd6 Rb8 31. Ra1 Bd3 32. Red1 c4 33. Rd2 Kf8 34.
Bf1 Bxf1 35. Kxf1 f6 36. Nxc4 Rc7 37. Ra4 Ke7 38. exf6+ Kxf6 39. Ke2 g5 40.
hxg5+ Kxg5 41. Nd6 Kg6 42. Ne4 Rf8 43. Ra1 Kf5 44. Nd6+ Ke5 45. Nb5 Rcf7 46.
f4+ Nxf4+ 47. gxf4+ Rxf4 48. Nd4 Rg8 49. Ra5+ Ke4 50. Nxe6 Rg2+ 51. Kd1 Rf1+
52. Kc2 Rgg1 53. Rd4+ 1-0

[Event "7. Lichtenberger Sommer"]
[Site "Berlin"]
[Date "2008.08.23"]
[Round "8.21"]
[White "Püschel, Werner"]
[Black "Dreke, Frank"]
[Result "1-0"]
[WhiteElo "2189"]
[BlackElo "2037"]
[PlyCount "147"]
[EventDate "2008.??.??"]
[WhiteTeam "SG Lasker Steglitz-Wilmersdorf"]
[BlackTeam "Treptower SV 1949 e.V."]

1. Nf3 Nf6 2. g3 g6 3. Bg2 Bg7 4. d3 d5 5. c3 O-O 6. Bg5 h6 7. Bxf6 Bxf6 8. d4
c6 9. O-O Bf5 10. Nbd2 Nd7 11. Re1 e5 12. e4 dxe4 13. Nxe4 Bxe4 14. Rxe4 exd4
15. Nxd4 Nc5 16. Re2 Re8 17. Rd2 Qc7 18. Qc2 Rad8 19. Rad1 Rd6 20. b4 Ne6 21.
Nb3 Red8 22. Na5 Rxd2 23. Rxd2 Qe5 24. Kf1 Qxc3 25. Qxc3 Bxc3 26. Rc2 Bxb4 27.
Nxb7 Rd1+ 28. Ke2 Re1+ 29. Kd3 c5 30. Kc4 Nd4 31. Rb2 Ba3 32. Rd2 Bb4 33. Rb2
Ba3 34. Rd2 Rc1+ 35. Kd5 Kf8 36. Nd6 Ke7 37. Nc8+ Kd7 38. Nxa7 Rc3 39. Bf1 Nf3
40. Nb5 Nxd2 41. Bh3+ Ke7 42. Nxc3 Bb2 43. Nd1 Ba3 44. Bg2 c4 45. Kd4 Bb4 46.
h3 Kd6 47. g4 f6 48. Bb7 Ba5 49. Ba6 Nf3+ 50. Kxc4 Ng1 51. Kb5 Be1 52. h4 Nf3
53. h5 g5 54. Bb7 Ne5 55. f3 Bd2 56. a4 Nd3 57. Be4 Nc5 58. Nb2 Nxe4 59. fxe4
Bc3 60. Nc4+ Kc7 61. a5 Bd4 62. a6 Bf2 63. Na5 Kd6 64. Nc4+ Kc7 65. Nd2 Be3 66.
Nf3 Kd6 67. Kc4 Ba7 68. Nd4 Bb6 69. Nf5+ Ke5 70. Nxh6 Kxe4 71. Nf7 f5 72. Nd6+
Kf4 73. Nxf5 Kxg4 74. h6 1-0

[Event "7. Lichtenberger Sommer"]
[Site "Berlin"]
[Date "2008.08.23"]
[Round "8.22"]
[White "Skibbe, Willi"]
[Black "Segerberg, Tomas"]
[Result "1-0"]
[WhiteElo "2183"]
[BlackElo "1845"]
[PlyCount "55"]
[EventDate "2008.??.??"]
[WhiteTeam "SV 1861 Liebschwitz"]
[BlackTeam "SG Narva Berlin e.V."]

1. d4 e6 2. Nf3 Nf6 3. Bg5 h6 4. Bh4 Be7 5. Nbd2 b6 6. e3 Bb7 7. Bd3 c5 8. O-O
Nc6 9. c3 cxd4 10. exd4 d6 11. Nc4 Nd5 12. Bg3 b5 13. Ne3 Nxe3 14. fxe3 a6 15.
a3 Qb6 16. Qe2 Na5 17. Nd2 O-O 18. Rf2 Bg5 19. h4 Be7 20. Raf1 f5 21. e4 fxe4
22. Nxe4 Bd5 23. Qh5 Bc4 24. Bxc4 Nxc4 25. Qg6 d5 26. Rf7 Rxf7 27. Rxf7 Bf8 28.
Nf6+ 1-0

[Event "7. Lichtenberger Sommer"]
[Site "Berlin"]
[Date "2008.08.23"]
[Round "8.23"]
[White "Graudons, Karsten"]
[Black "Schnitzer, Peter"]
[Result "1-0"]
[WhiteElo "1999"]
[BlackElo "2176"]
[PlyCount "113"]
[EventDate "2008.??.??"]
[WhiteTeam "USV Potsdam e.V., Abt. Schach"]
[BlackTeam "SC Kreuzberg e.V."]

1. Nf3 b6 2. d4 Bb7 3. Nbd2 f5 4. c4 Nf6 5. e3 g6 6. Be2 Bg7 7. b4 O-O 8. O-O
e6 9. Bb2 Ne4 10. Qc2 d6 11. Bd3 Nxd2 12. Nxd2 Qg5 13. e4 Nc6 14. Nf3 Qg4 15.
h3 Qh5 16. a3 e5 17. d5 fxe4 18. Bxe4 Ne7 19. Kh2 Bc8 20. Rg1 Bxh3 21. gxh3
Rxf3 22. Bxf3 Qxf3 23. Rg3 Qf7 24. Rf1 Rf8 25. Bc1 h6 26. Qe4 g5 27. Be3 Qh5
28. Qg4 Qf7 29. Qd7 Nf5 30. Qxf7+ Rxf7 31. Rgg1 e4 32. Bd2 Nd4 33. f4 exf3 34.
Rg4 Be5+ 35. Kg1 f2+ 36. Rxf2 Nf3+ 37. Kg2 h5 38. Rxf3 hxg4 39. hxg4 Rh7 40.
Rh3 Rxh3 41. Kxh3 Bf6 42. Kg3 Kf7 43. Kf3 Kg6 44. Ke4 a6 45. a4 Bg7 46. Kd3 Be5
47. Be3 Kf6 48. c5 bxc5 49. bxc5 dxc5 50. Bxc5 Bf4 51. Ke4 Bd6 52. Bd4+ Ke7 53.
Kf5 Bf4 54. Bf6+ Kd6 55. Bxg5 Bxg5 56. Kxg5 Kxd5 57. Kf6 1-0

[Event "7. Lichtenberger Sommer"]
[Site "Berlin"]
[Date "2008.08.23"]
[Round "8.24"]
[White "Berendsen, Markus"]
[Black "Buttkus, Andre"]
[Result "0-1"]
[WhiteElo "2123"]
[BlackElo "2050"]
[PlyCount "94"]
[EventDate "2008.??.??"]
[WhiteTeam "Oberhausen Schachverein 1887 e.V"]
[BlackTeam "SK Tempelhof 1931 e.V."]

1. c4 c5 2. Nc3 Nf6 3. Nf3 g6 4. d4 cxd4 5. Nxd4 Nc6 6. e4 Nxd4 7. Qxd4 d6 8.
Be2 Bg7 9. Be3 O-O 10. Qd2 a6 11. f3 Qa5 12. Rc1 b5 13. cxb5 axb5 14. Bxb5 Nxe4
15. fxe4 Bxc3 16. Qxc3 Qxb5 17. Bh6 e5 18. Bxf8 Kxf8 19. Qc6 Qxc6 20. Rxc6 Bb7
21. Rxd6 Rxa2 22. Rd2 Bxe4 23. Kf2 Ke7 24. Rhd1 Ra7 25. b4 Rb7 26. Rb2 Bc6 27.
g3 f6 28. Rdd2 Rb8 29. Ke2 f5 30. Ke3 g5 31. Rdc2 f4+ 32. gxf4 gxf4+ 33. Kf2
Rb6 34. Rc5 Kd6 35. Rd2+ Ke6 36. Rdc2 Be4 37. Rb2 Kd6 38. Rd2+ Ke6 39. Rb2 Bd5
40. Rc7 e4 41. Rxh7 e3+ 42. Ke2 Ke5 43. Rh5+ Ke4 44. Rxd5 f3+ 45. Ke1 Rg6 46.
Kf1 e2+ 47. Kf2 Rg2+ 0-1

[Event "7. Lichtenberger Sommer"]
[Site "Berlin"]
[Date "2008.08.23"]
[Round "8.25"]
[White "Kropman, Alexei"]
[Black "Carrasco, Paul"]
[Result "1/2-1/2"]
[WhiteElo "1938"]
[BlackElo "2041"]
[PlyCount "89"]
[EventDate "2008.??.??"]
[WhiteTeam "TuS Makkabi Berlin e.V."]

1. e4 Nf6 2. e5 Nd5 3. d4 d6 4. Bc4 c6 5. Nf3 Bg4 6. h3 Bxf3 7. Qxf3 dxe5 8.
dxe5 e6 9. O-O Nd7 10. Qg3 Ne7 11. Nc3 Qa5 12. Re1 Ng6 13. Bd2 O-O-O 14. Ne4
Qxe5 15. Qb3 Qc7 16. Be3 Nb6 17. Be2 Be7 18. a4 Kb8 19. a5 Nd5 20. Nc5 Ka8 21.
a6 b6 22. Nb7 Rd7 23. c4 Nxe3 24. Qxe3 Rb8 25. Bf3 Bf6 26. Qb3 Bd4 27. Qa4 Ne7
28. Rad1 e5 29. Re2 f5 30. Red2 Rc8 31. b4 Kb8 32. Qc2 g6 33. Qb3 Rf8 34. c5
Nd5 35. b5 Nc3 36. bxc6 Re7 37. cxb6 Qxb6 38. Qa3 Rff7 39. Qd6+ Qc7 40. Rc1 Ne4
41. Bxe4 fxe4 42. Qb4 Qb6 43. Qd6+ Qc7 44. Qb4 Qb6 45. Qd6+ 1/2-1/2

[Event "7. Lichtenberger Sommer"]
[Site "Berlin"]
[Date "2008.08.23"]
[Round "8.26"]
[White "Van Asseldonk, Paul"]
[Black "Lerch, Philipp"]
[Result "1-0"]
[WhiteElo "2101"]
[BlackElo "1819"]
[PlyCount "77"]
[EventDate "2008.??.??"]
[WhiteTeam "HSC Helmond"]
[BlackTeam "TuS Makkabi Berlin e.V."]

1. e4 c5 2. Nf3 Nc6 3. Nc3 d6 4. d4 cxd4 5. Nxd4 Nf6 6. f4 g6 7. Be2 Bg7 8.
Nxc6 bxc6 9. Be3 O-O 10. O-O Qc7 11. Qe1 Rb8 12. Rb1 Bd7 13. Qf2 c5 14. e5 dxe5
15. fxe5 Ng4 16. Bxg4 Bxg4 17. Bxc5 Rbc8 18. b4 Qxe5 19. Nb5 a6 20. Na3 Qd5 21.
c4 Qd7 22. Kh1 Bf5 23. Rbd1 Qa4 24. Nb1 Rfe8 25. a3 Qc6 26. Nd2 Be6 27. Qf4 Qa4
28. Qf3 Rcd8 29. Bb6 Rd6 30. c5 Bd5 31. Qe2 Re6 32. Qd3 Qc6 33. Nf3 Bxf3 34.
Qxf3 Qxf3 35. Rxf3 Bd4 36. Rfd3 Bb2 37. g3 Re2 38. c6 Rc2 39. c7 1-0